header

Bio-inspired emergent control of locomotion systems (Record no. 74178)

MARC details
000 -LEADER
fixed length control field 01473nam a2200349Ia 4500
082 04 - DEWEY DECIMAL CLASSIFICATION NUMBER
Classification number 629.8932
100 1# - MAIN ENTRY--AUTHOR NAME
Personal name Frasca, Mattia.
245 10 - TITLE STATEMENT
Title Bio-inspired emergent control of locomotion systems
260 ## - PUBLICATION, DISTRIBUTION, ETC. (IMPRINT)
Place of publication River Edge, N.J. ;
-- London :
Name of publisher World Scientific,
Year of publication c2004.
300 ## - PHYSICAL DESCRIPTION
Number of Pages xii, 198 p. :
Other physical details ill. (some col.).
490 1# - SERIES STATEMENT
Series statement World Scientific series on nonlinear science. Series A ;
650 #0 - SUBJECT ADDED ENTRY--TOPICAL TERM
Topical Term Robotics.
Topical Term Mobile robots.
Topical Term Neural networks (Computer science)
700 1# - ADDED ENTRY--PERSONAL NAME
Personal name Arena, Paolo,
Personal name Fortuna, L.
856 40 - ELECTRONIC LOCATION AND ACCESS
Uniform Resource Identifier http://site.ebrary.com/lib/rucke/Doc?id=10079932

No items available.

© 2026 Rongo University
Contact us: librarian | system librarian | Rongo university